LEADER 01218nam 2200385 450 001 9910583499703321 005 20230120002702.0 010 $a0-323-46132-8 035 $a(CKB)3710000001423702 035 $a(MiAaPQ)EBC5508001 035 $a(EXLCZ)993710000001423702 100 $a20180928d2018 uy 0 101 0 $aeng 135 $aurcnu|||||||| 181 $ctxt$2rdacontent 182 $cc$2rdamedia 183 $acr$2rdacarrier 200 00$aPrinciples and practice of pediatric infectious diseases /$feditor Sarah S. Long ; associate editors, Larry K. Pickering, Charles G. Prober 205 $aFifth edition. 210 1$aPhiladelphia, PA :$cElsevier,$d[2018] 210 4$d©2018 215 $a1 online resource (xxv, 1,662 pages) $cillustrations 311 1 $a0-323-40181-3 606 $aPediatrics 606 $aInterdisciplinary Communication 615 2$aPediatrics 615 12$aInterdisciplinary Communication 676 $a618.92/9 702 $aProber$b Charles G. 702 $aFischer$b Marc 702 $aLong$b Sarah S. 906 $aBOOK 912 $a9910583499703321 996 $aPrinciples and practice of pediatric infectious diseases$92084069 997 $aUNINA LEADER 03467nam 2200613 450 001 9910798883403321 005 20230808200343.0 010 $a3-11-042005-8 010 $a3-11-042018-X 024 7 $a10.1515/9783110420050 035 $a(CKB)3710000000926277 035 $a(MiAaPQ)EBC4843211 035 $a(DE-B1597)450796 035 $a(OCoLC)1054874353 035 $a(OCoLC)979760566 035 $a(DE-B1597)9783110420050 035 $a(Au-PeEL)EBL4843211 035 $a(CaPaEBR)ebr11387421 035 $a(CaONFJC)MIL1006368 035 $a(OCoLC)961388540 035 $a(EXLCZ)993710000000926277 100 $a20170616h20162016 uy 0 101 0 $aeng 135 $aurcnu|||||||| 181 $2rdacontent 182 $2rdamedia 183 $2rdacarrier 200 04$aThe diary of Andrew Fuller, 1780-1801 /$fedited by Michael D. McMullen and Timothy D. Whelan ; in cooperation with John Coffey [and three others] 210 1$aBerlin, [Germany] ;$aBoston, [Massachusetts] :$cDe Gruyter,$d2016. 210 4$d©2016 215 $a1 online resource (254 pages) 225 0 $aThe Complete Works of Andrew Fuller ;$vVolume 1 300 $aIncludes indexes. 311 $a3-11-041284-5 327 $tFrontmatter -- $tContents -- $tAcknowledgments -- $tIntroduction -- $tNote on the Text -- $tAbbreviations -- $t1780 -- $t1781 -- $t1782 -- $t1784 -- $t1785 -- $t1786 -- $t1789 -- $t1790 -- $t1791 -- $t1792 -- $t1794 -- $t1796 -- $t1799 -- $t1800 -- $t1801 -- $tAppendices -- $tScripture Index -- $tIndex of Places -- $tIndex of Subjects -- $tPerson Index 330 $aDespite his prominent role during the last quarter of the eighteenth century in promoting evangelical Calvinism among British Particular Baptists, only portions of the diary of Andrew Fuller (1754-1815), one of the most important surviving manuscripts from that century, have appeared in print in various volumes published between 1816 and 1882, portions usually inaccurately transcribed and highly editorialized. The current edition is the first complete and accurate transcription of Fuller's diary based on the sole surviving volume now residing at Bristol Baptist College. This edition, with exhaustive identifications, notes, and valuable appendices for students of Baptist history, provides a fascinating glimpse into Fuller's ministry at Soham and Kettering during a period (1780-1801) when he became the titular head of the Particular Baptists as a result of his preaching throughout Northamptonshire and surrounding counties; his writing, such as his influential work, The Gospel Worthy of All Acceptation (1785); and his multi-national work as founding secretary of the Baptist Missionary Society (1792), a position he diligently maintained until his death in 1815, having left a legacy unequalled by any other minister of his generation. 606 $aBaptists$zEngland$xClergy$vBiography 610 $aAndrew Fuller. 610 $aNorthamptonshire Association. 610 $adiary. 610 $aevangelical Calvinism. 615 0$aBaptists$xClergy 676 $a286.1092 700 $aFuller$b Andrew, $0807855 702 $aMcMullen$b Michael D$g(Michael David),$f1960- 702 $aWhelan$b Timothy D. 702 $aCoffey$b John 801 0$bMiAaPQ 801 1$bMiAaPQ 801 2$bMiAaPQ 906 $aBOOK 912 $a9910798883403321 996 $aThe diary of Andrew Fuller, 1780-1801$93794431 997 $aUNINA LEADER 00938cam0-2200337---450 001 990005854700403321 005 20241219095150.0 035 $a000585470 035 $aFED01000585470 035 $a(Aleph)000585470FED01 100 $a19990604d1987----km-y0itay50------ba 101 0 $aita 102 $aIT 105 $a--------001yy 200 1 $a<>estetica della mente dopo Mallarmé$fAldo Trione 210 $aBologna$cCappelli$d1987 215 $a137 p.$d22 cm 225 1 $aBiblioteca Cappelli 610 0 $aPoetica 610 0 $aMallarmé, Stephane 610 0 $aValéry, Paul 676 $a801.93$v22$zita 700 1$aTrione,$bAldo$0171451 801 0$aIT$bUNINA$gRICA$2UNIMARC 901 $aBK 912 $a990005854700403321 952 $aDAM A20 TRIA 13$b2024/9079$fFLFBC 952 $a801.93 TRI 1$bDip.f.m.4240$fFLFBC 959 $aFLFBC 996 $aEstetica della mente dopo Mallarme$9565474 997 $aUNINA